| 000 | 00601nam a2200241 a 4500 | ||
|---|---|---|---|
| 001 | 0001-1114 | ||
| 003 | ELIB.Books | ||
| 008 | 150410 2010 eng | ||
| 020 | _a978083084031 | ||
| 035 | _a(ELIB.Books)0001-1269 | ||
| 092 |
_a225.1 _bKru |
||
| 100 | _aKruger, Michael J. | ||
| 245 | _aThe Question of Canon | ||
| 260 |
_aDowners Grove _bIVP Academic _c2013 |
||
| 300 |
_a256 _c23 Cm |
||
| 500 | _aC/o Moe Lwei | ||
| 650 | _aNew Testament | ||
| 856 |
_nKBTS: Library _uKBTS: Elib |
||
| 942 |
_2ddc _cBK |
||
| 990 | _a1 | ||
| 998 |
_cbat _e2015-04-10 |
||
| 999 |
_c11114 _d11114 |
||